000 00520nam a22001817a 4500
005 20260515114943.0
008 230529b ||||| |||| 00| 0 eng d
040 _aIN-DiNC
_cIN-DiNC
041 _dasm
082 _a920
_bSHA
100 _aSharma, Dibyajyoti
_eauthor
245 _aMahasangramar duranta Sainikjan/
_cby Dibyajyoti Sharma
250 _a2nd ed.
260 _aJorhat:
_bAngkur prakash,
_c2016.
300 _a188p.
650 _aMulti faced peasant movement in Assam led by Akhil Gogoi
942 _2ddc
_cBK
999 _c11524
_d11524